000 01193nam a2200217Ia 4500
001 10481
003 GE_BSU
008 181216s||||||||xx |||||||||||||| ||und||
040 _cGE_BSU
080 _a821.353.1–1
245 _aქართული პოეზია. 15 ტომად:ტ.15. XX საუკუნის პოეზია
245 _cსარედ.კოლ.გრიგოლ აბაშიძე.ან.კალანდაძე.მ.ლებანიძე და სხვ.ტომი შეადგინეს გივი გეგეჭკორმა.ემზარ კვიტაიშვილმა.ტარიელ ჭანტურიამ,მხატვ.დ.დუნდუა.წინასიტყვ.ავტ.ე.კვიტაიშვილი.ცნობარი შეადგ.თ.დოიაშვილმა.რედ.აკ.ბრეგაძე
260 _aთბილისი
260 _bნაკადული
260 _c1984
300 _a568გვ.18სმ.
300 _eცნობარიგვ.545-552
541 _h10ლ.
653 _aქართული პოეზია
942 _cBK
999 _c43736
_d43736